| 000 | 01089cam a2200241 4500 | ||
|---|---|---|---|
| 001 | L136102 | ||
| 008 | 070109n2006 000 0 eng u | ||
| 020 | _a1861268416 | ||
| 022 | _a9781861268419 | ||
| 035 | _a(Sirsi) u136102 | ||
| 041 | 0 | _aeng | |
| 050 | 0 | 4 | _a333.72 $2 18 |
| 100 | 1 | _aWoolley, Tom | |
| 245 | 0 | 0 |
_aNatural building _ba guide to materials and techniques |
| 260 |
_aMarlborough _bCrowood _c2006 |
||
| 300 |
_a192p. _c26cm. |
||
| 505 | 0 | _aEarth building -- Timber building -- Straw-bale building -- Green and natural roofs -- Lime and masonry -- Hemp -- Natural insulation materials -- Paints and finishes -- Planning, regulations and professional advice -- The principles of green building. | |
| 520 | _aDiscusses construction with materials that have undergone less processing and manufacturing than conventional synthetic materials. Whenever possible products are used that are renewable, originating from crops, and are obtained locally | ||
| 590 | _aKA | ||
| 651 | 4 |
_aUnited Kingdom _y |
|
| 690 | _aBUILT ENVIRONMENT-SUSTAINABLE CONSTRUCTION | ||
| 942 | _n0 | ||
| 999 |
_c106317 _d106317 |
||